[Event "Stay Safe Play From Home 244"]
[Site "Emanuel Lasker Arena"]
[Date "2020.06.22"]
[Round "7"]
[White "Weltszmerc"]
[Black "Bishop91"]
[Result "1-0"]
[WhiteElo "2164"]
[BlackElo "1775"]
[Annotator "NA"]
[PlyCount "133"]
[EventDate "2020.06.22"]
[EventType "swiss (blitz)"]

1. d4 {[%emt 0:00:01]} e6 {[%emt 0:00:00]} 2. c4 {[%emt 0:00:00]} d5 {[%emt 0:00:00]} 3. Nf3 {[%emt 0:00:00]} c6 {[%emt 0:00:00]} 4. g3 {[%emt 0:00:00]} Nf6 {[%emt 0:00:01]} 5. Bg2 {[%emt 0:00:00]} Be7 {[%emt 0:00:00]} 6. O-O {[%emt 0:00:00]} O-O {[%emt 0:00:00]} 7. Nbd2 {[%emt 0:00:00]} Nbd7 {[%emt 0:00:01]} 8. Qc2 {[%emt 0:00:00]} Qc7 {[%emt 0:00:01]} 9. e4 {[%emt 0:00:00]} dxe4 {[%emt 0:00:01]} 10. Nxe4 {[%emt 0:00:00]} Nxe4 {[%emt 0:00:00]} 11. Qxe4 {[%emt 0:00:00]} Nf6 {[%emt 0:00:01]} 12. Qe2 {[%emt 0:00:01]} Rd8 {[%emt 0:00:02]} 13. Bf4 {[%emt 0:00:00]} Bd6 {[%emt 0:00:01]} 14. Bg5 {[%emt 0:00:01]} Be7 {[%emt 0:00:01]} 15. c5 {[%emt 0:00:01]} h6 {[%emt 0:00:01]} 16. Bf4 {[%emt 0:00:01]} Qa5 {[%emt 0:00:01]} 17. a3 {[%emt 0:00:01]} Nd5 {[%emt 0:00:01]} 18. Bd2 {[%emt 0:00:01]} Qa6 {[%emt 0:00:01]} 19. Qxa6 {[%emt 0:00:02]} bxa6 {[%emt 0:00:00]} 20. Ne5 {[%emt 0:00:00]} Bd7 {[%emt 0:00:03]} 21. Nxd7 {[%emt 0:00:02]} Rxd7 {[%emt 0:00:01]} 22. b4 {[%emt 0:00:00]} Rb8 {[%emt 0:00:01]} 23. Rab1 {[%emt 0:00:02]} Rdb7 {[%emt 0:00:01]} 24. Bxd5 {[%emt 0:00:02]} exd5 {[%emt 0:00:01]} 25. Rbe1 {[%emt 0:00:01]} Bf6 {[%emt 0:00:00]} 26. Bc3 {[%emt 0:00:01]} Re7 {[%emt 0:00:02]} 27. Rxe7 {[%emt 0:00:02]} Bxe7 {[%emt 0:00:00]} 28. Re1 {[%emt 0:00:00]} Bf6 {[%emt 0:00:01]} 29. f4 {[%emt 0:00:00]} Kf8 {[%emt 0:00:00]} 30. Kf2 {[%emt 0:00:01]} Re8 {[%emt 0:00:00]} 31. Rxe8+ {[%emt 0:00:01]} Kxe8 {[%emt 0:00:01]} 32. Kf3 {[%emt 0:00:00]} Ke7 {[%emt 0:00:00]} 33. g4 {[%emt 0:00:00]} g6 {[%emt 0:00:00]} 34. f5 {[%emt 0:00:03]} Bg7 {[%emt 0:00:00]} 35. h4 {[%emt 0:00:01]} gxf5 {[%emt 0:00:01]} 36. gxf5 {[%emt 0:00:01]} Bf6 {[%emt 0:00:01]} 37. Kg4 {[%emt 0:00:01]} Kd7 {[%emt 0:00:04]} 38. Kh5 {[%emt 0:00:02]} Bg7 {[%emt 0:00:01]} 39. f6 {[%emt 0:00:00]} Bxf6 {[%emt 0:00:01]} 40. Be1 {[%emt 0:00:01]} Bg7 {[%emt 0:00:01]} 41. Bd2 {[%emt 0:00:02]} Ke6 {[%emt 0:00:01]} 42. Bxh6 {[%emt 0:00:01]} Bxh6 {[%emt 0:00:00]} 43. Kxh6 {[%emt 0:00:00]} Kf6 {[%emt 0:00:01]} 44. Kh5 {[%emt 0:00:01]} Kg7 {[%emt 0:00:01]} 45. Kg5 {[%emt 0:00:01]} f6+ {[%emt 0:00:00]} 46. Kf5 {[%emt 0:00:00]} Kf7 {[%emt 0:00:00]} 47. h5 {[%emt 0:00:00]} Kg7 {[%emt 0:00:01]} 48. a4 {[%emt 0:00:00]} Kh6 {[%emt 0:00:00]} 49. Kxf6 {[%emt 0:00:01]} Kxh5 {[%emt 0:00:00]} 50. Ke6 {[%emt 0:00:00]} Kg6 {[%emt 0:00:00]} 51. Kd6 {[%emt 0:00:00]} Kf7 {[%emt 0:00:00]} 52. Kxc6 {[%emt 0:00:00]} Ke7 {[%emt 0:00:00]} 53. Kxd5 {[%emt 0:00:00]} Kd7 {[%emt 0:00:00]} 54. b5 {[%emt 0:00:00]} Kc7 {[%emt 0:00:00]} 55. Kc4 {[%emt 0:00:01]} a5 {[%emt 0:00:02]} 56. d5 {[%emt 0:00:01]} Kd7 {[%emt 0:00:00]} 57. Kd4 {[%emt 0:00:00]} Kc7 {[%emt 0:00:00]} 58. Ke5 {[%emt 0:00:00]} Kd7 {[%emt 0:00:00]} 59. d6 {[%emt 0:00:01]} Kd8 {[%emt 0:00:02]} 60. Kd5 {[%emt 0:00:00]} Kd7 {[%emt 0:00:00]} 61. c6+ {[%emt 0:00:00]} Kd8 {[%emt 0:00:00]} 62. Kc5 {[%emt 0:00:00]} Kc8 {[%emt 0:00:02]} 63. Kd5 {[%emt 0:00:00]} Kd8 {[%emt 0:00:01]} 64. d7 {[%emt 0:00:00]} Kc7 {[%emt 0:00:01]} 65. Ke6 {[%emt 0:00:00]} Kd8 {[%emt 0:00:00]} 66. Kd6 {[%emt 0:00:01]} a6 {[%emt 0:00:01]} 67. c7# {[%emt 0:00:00] (Lag: Av=0.64s, max=1.6s)} 1-0

[Event "Stay Safe Play From Home 244"]
[Site "Emanuel Lasker Arena"]
[Date "2020.06.22"]
[Round "7"]
[White "MartinKestler"]
[Black "Haxhi Baha"]
[Result "1-0"]
[WhiteElo "1903"]
[BlackElo "2007"]
[Annotator "TA"]
[PlyCount "103"]
[EventDate "2020.06.22"]
[EventType "swiss (blitz)"]

{[%evp 9,103,13,135,135,174,188,198,165,196,142,206,197,201,210,215,168,183,124,121,122,144,122,117,113,147,158,188,143,166,123,118,117,131,96,141,80,139,69,146,145,140,114,117,112,127,129,114,96,108,94,90,0,0,0,119,-71,258,270,409,404,381,403,389,362,1550,1414,1190,710,710,272,1767,1848,1597,1597,721,192,4133,2185,29980,29981,29981,29982,29982,29983,29985,29986,29985,29985,29984,29984,29985,29986,29987,29988,29988,29988]} 1. Nf3 e6 2. b3 d5 3. Bb2 c5 4. e3 Nc6 5. d4 {[#]} c4 $146 (5... cxd4 $11 6. exd4 Nf6) ({Predecessor:} 5... Nf6 6. Bd3 Be7 7. O-O O-O 8. Ne5 Nxe5 9. dxe5 Nd7 10. Nd2 Re8 11. c4 Bf8 12. f4 g6 13. cxd5 exd5 14. Qf3 Bg7 15. Rac1 Rb8 {1-0 (32) Shimanov,A (2550)-Olivier,J (2401) Aix les Bains 2011}) 6. bxc4 $16 {A06: Réti Opening: 1 Nf3 d5.} dxc4 7. Bxc4 Nf6 8. Be2 {White is clearly better.} Qb6 9. Bc1 (9. Qc1 $18) 9... Bd7 (9... Bd6 $16 10. O-O O-O) 10. O-O $18 Bd6 11. c4 Qc7 12. c5 Be7 13. Bb2 (13. Nc3 $18) 13... O-O $16 14. Nbd2 Rfd8 15. h3 Nd5 16. a3 Bf6 17. Qc2 e5 18. dxe5 Nxe5 19. Nxe5 Bxe5 20. Bxe5 Qxe5 21. Nf3 Qf6 22. Rab1 (22. Nd4 $142) 22... Bc6 ({Black should try} 22... Nc3 23. Rb3 (23. Rxb7 Bf5 $11) 23... Nxe2+ 24. Qxe2 Bc6) 23. Rfd1 ({Better is} 23. Bb5 $16) 23... Ne7 ({Black should play} 23... Nc3 $14 24. Rxd8+ Rxd8) 24. Rxd8+ Rxd8 25. Rd1 Rxd1+ 26. Qxd1 {Threatening mate with Qd8+.} g6 27. Qd8+ Kg7 28. Qd4 Nf5 29. Qxf6+ (29. Qd1 {looks sharper.} h5 30. Nd4 Nxd4 31. Qxd4 h4 32. f3) 29... Kxf6 30. Nd4 (30. Bc4 $16) 30... Nxd4 $1 $11 31. exd4 {[%mdl 4096] Endgame KB-KB} Kf5 {[#]} (31... Ke6 $1 $11) 32. Bc4 $2 (32. f3 $1 $16 {is forced if you want to stay better.}) 32... f6 $2 {[%mdl 8192] [#] Loses the game.} (32... Ke4 $17 {Hoping for ...Bd5.} 33. Bxf7 Kxd4) 33. f3 $1 $18 Bd7 (33... b6 $142 34. d5 Ba4) 34. Kf2 b6 35. cxb6 axb6 36. Ke3 Bc6 $2 (36... Kg5 37. Ke4 Ba4) 37. h4 {[%csl Gf3][%cal Rg2g4]} g5 38. g4+ Kg6 39. hxg5 $2 (39. h5+ Kg7 40. d5) 39... Kxg5 $2 (39... fxg5 40. d5 Bd7 41. Bd3+ Kf6 42. Bxh7 Ke5) 40. d5 Bd7 41. d6 f5 42. gxf5 $2 (42. Kd4) 42... Bxf5 $2 (42... Kxf5 43. Bd3+ Ke6) 43. Bb5 h5 44. d7 {White mates.} Bxd7 45. Bxd7 {KB-KPP} Kf6 46. Kd4 h4 47. Bh3 Ke7 48. Kc4 Kd6 49. Kb5 Kc7 50. f4 Kb7 51. f5 Kc7 52. f6 {Accuracy: White = 59%, Black = 41%.} 1-0

[Event "Stay Safe Play From Home 244"]
[Site "Emanuel Lasker Arena"]
[Date "2020.06.22"]
[Round "7"]
[White "Dave_H"]
[Black "Bardellosport"]
[Result "0-1"]
[WhiteElo "1767"]
[BlackElo "2049"]
[Annotator "TA"]
[PlyCount "58"]
[EventDate "2020.06.22"]
[EventType "swiss (blitz)"]
[WhiteTeam "SK Vellmar"]

{[%evp 9,58,29,33,27,461,450,459,452,458,451,447,450,484,475,496,490,506,494,510,374,380,369,568,441,583,571,729,723,820,556,525,491,504,481,472,160,150,91,236,32,74,55,314,64,315,175,135,40,513,512,489]} 1. e4 Nc6 2. d4 e5 3. d5 Nce7 4. c4 Ng6 5. Be3 Nf6 6. f3 {[#] A40: Unusual replies to 1 d4.} (6. Bd3 {keeps more tension.} Bb4+ 7. Kf1 O-O 8. h4 d6 9. a3) 6... Bc5 $146 {[%mdl 8192]} (6... Bb4+ $11 {and Black is okay.} 7. Nc3 Qe7) ({Predecessor:} 6... Bb4+ 7. Nd2 Qe7 8. g3 O-O 9. Qb3 a5 10. Bh3 a4 11. Qd3 d6 12. Bxc8 Rfxc8 13. a3 {0-1 (33) Frolov,A (2419)-Gasanov,E (2502) Omelnyk 2018}) 7. Bxc5 $18 d6 8. Be3 O-O 9. Bd3 c6 10. Ne2 cxd5 11. cxd5 Qe7 12. O-O a6 13. Ng3 h6 14. Nf5 Bxf5 15. exf5 Nh8 (15... Nxd5 $142 16. Bxh6 Ngf4 17. Bxf4 Nxf4) 16. g4 e4 17. fxe4 Nxe4 18. Bd4 Nc5 19. Bxc5 dxc5 20. Re1 Qd6 21. Qf3 b5 22. Bc4 $2 (22. Bf1 $18 {and White stays clearly on top.}) 22... bxc4 $16 {[#]} 23. Nc3 ({White should play} 23. Na3 $1) 23... Qf6 (23... Rab8 $16) 24. Ne4 $2 (24. Rad1 $18) 24... Qd4+ 25. Kh1 {aiming for Nc3.} Qxb2 $2 {[%mdl 8192]} ({Black should try} 25... f6 $1 $14) 26. Rad1 $2 ({Only move:} 26. g5 $18) 26... Qe5 $2 {[%mdl 8192]} (26... f6 $1 $14) 27. f6 ({Not} 27. Nxc5 Qc7 $16) (27. d6 $142) 27... g5 $18 {[#]} 28. h4 (28. Ng3 $1 $16 Qf4 29. Qxf4 gxf4 30. Nf5) 28... Qf4 $2 {[%mdl 8192]} (28... Ng6 $1 $14) 29. Qxf4 gxf4 {[%mdl 32768] Accuracy: White = 36%, Black = 28%. . Loss on time!?} 0-1

[Event "Stay Safe Play From Home 244"]
[Site "Emanuel Lasker Arena"]
[Date "2020.06.22"]
[Round "7"]
[White "Trotsky"]
[Black "Klasman"]
[Result "0-1"]
[WhiteElo "1569"]
[BlackElo "1204"]
[Annotator "NA RC"]
[PlyCount "46"]
[EventDate "2020.06.22"]
[EventType "swiss (blitz)"]

1. d4 {[%emt 0:00:01]} f5 {[%emt 0:00:01]} 2. e3 {[%emt 0:00:00]} Nf6 {[%emt 0:00:01]} 3. c4 {[%emt 0:00:01]} e6 {[%emt 0:00:01]} 4. Nc3 {[%emt 0:00:01]} c6 {[%emt 0:00:01]} 5. Bd3 {[%emt 0:00:01]} d5 {[%emt 0:00:01]} 6. Qc2 {[%emt 0:00:00]} Bb4 {[%emt 0:00:02]} 7. Nf3 {[%emt 0:00:01]} Ne4 {[%emt 0:00:04]} 8. Bd2 {[%emt 0:00:01]} Nxd2 {[%emt 0:00:01]} 9. Nxd2 {[%emt 0:00:01]} Nd7 {[%emt 0:00:02]} 10. a3 {[%emt 0:00:01]} Ba5 {[%emt 0:00:02]} 11. b4 {[%emt 0:00:01]} Bc7 {[%emt 0:00:03]} 12. Nf3 {[%emt 0:00:01]} Nf6 {[%emt 0:00:01]} 13. O-O-O {[%emt 0:00:01]} a5 {[%emt 0:00:02]} 14. h4 {[%emt 0:00:02]} Bd7 {[%emt 0:00:01]} 15. g4 {[%emt 0:00:01]} axb4 {[%emt 0:00:01]} 16. Na4 {[%emt 0:00:02]} bxa3 {[%emt 0:00:02]} 17. Nc5 {[%emt 0:00:02]} Bd6 {[%emt 0:00:02]} 18. Nxb7 {[%emt 0:00:04]} Qb6 {[%emt 0:00:03]} 19. Nxd6+ {[%emt 0:00:03]} Ke7 {[%emt 0:00:03]} 20. c5 {[%emt 0:00:01]} Qb4 {[%emt 0:00:06]} 21. gxf5 {[%emt 0:00:06]} a2 {[%emt 0:00:01]} 22. Qb2 {[%emt 0:00:05]} a1=Q+ {[%emt 0:00:02]} 23. Kc2 {[%emt 0:00:03]} Qaxb2# {[%emt 0:00:04] (Lag: Av=0.38s, max=0.5s)} 0-1

[Event "Stay Safe Play From Home 244"]
[Site "Emanuel Lasker Arena"]
[Date "2020.06.22"]
[Round "8"]
[White "Weltszmerc"]
[Black "Dj amir"]
[Result "0-1"]
[WhiteElo "2167"]
[BlackElo "2431"]
[Annotator "TA"]
[PlyCount "104"]
[EventDate "2020.06.22"]
[EventType "swiss (blitz)"]

{[%evp 10,104,20,13,19,14,45,35,34,44,25,33,23,25,28,-184,-157,-191,-175,-378,-377,-383,-379,-433,-433,-424,-427,-491,-481,-483,-421,-475,-453,-449,-442,-442,-415,-416,-407,-495,-472,-508,-503,-534,-513,-530,-522,-566,-533,-594,-585,-616,-656,-775,-726,-835,-816,-904,-846,-952,-966,-991,-989,-978,-948,-1842,-1699,-7706,-6395,-29978,-5618,-29985,-29986,-29986,-29986,-29987,-29988,-29988,-29989,-29991,-29992,-29992,-29993,-29995,-29995,-29996,-29996,-29996,-29996,-29996,-29996,-29996,-29997,-29997,-29998,-29998,-29999]} 1. d4 Nf6 2. c4 e6 3. Nf3 Bb4+ 4. Bd2 c5 5. g3 Qb6 6. Bg2 Bxd2+ {E11: Bogo-Indian.} 7. Qxd2 {[#]} cxd4 $146 ({Predecessor:} 7... Ne4 8. dxc5 Qxc5 9. Qd4 f5 10. Qxc5 Nxc5 11. Nc3 Nc6 12. O-O Ke7 13. Rfd1 Rb8 14. Nd4 Nxd4 15. Rxd4 {1-0 (42) Lin,Y (2359)-Gokhale,A (2009) Prague 2019}) 8. Qxd4 Qxd4 {White is slightly better.} 9. Nxd4 Nc6 10. Nb5 {[#] Strongly threatening Nc7+.} Ke7 11. O-O a6 12. Nc7 $2 (12. N5c3 $11 {and White is okay.}) 12... Rb8 13. e4 Kd8 14. e5 $2 {[#]} (14. Nd5 exd5 15. cxd5) 14... Nxe5 $19 ({Not} 14... Kxc7 15. exf6 gxf6 16. Nc3 $11) 15. f4 Nc6 ({Less strong is} 15... Kxc7 16. fxe5 Ng4 17. Rxf7 $15) 16. Bxc6 dxc6 17. Nxa6 bxa6 18. Rd1+ Kc7 19. b3 Rd8 20. Nc3 Rxd1+ 21. Rxd1 Bb7 22. Kf2 Rd8 23. Rxd8 Kxd8 24. h3 Kc7 25. Ke3 c5 26. g4 Bc6 27. a3 Kd6 28. b4 Nd7 29. b5 Bb7 30. Kd3 a5 31. a4 Nb6 32. g5 Bg2 33. h4 Bf1+ 34. Ke3 Nxc4+ 35. Kf2 Bd3 36. h5 Nb6 37. h6 gxh6 38. gxh6 c4 39. Ke3 Kc5 (39... Nd5+ $142 40. Kd2 Nxc3 41. Ke1 Nxa4 42. f5 Bxf5 43. Kf2 c3 44. Ke1 c2 45. Kd2 Nc5 46. b6 Nb3+ 47. Ke3 c1=Q+ 48. Kf2 Qf4+ 49. Kg2 Be4+ 50. Kh3 Qg5 51. b7 Bxb7 52. Kh2 Qg2#) 40. Ne4+ Bxe4 {Black mates.} 41. Kxe4 Nxa4 {[%mdl 4096] Endgame KN-K3P} 42. f5 c3 43. fxe6 fxe6 {KN-KPP} 44. Ke5 c2 45. Kxe6 c1=Q 46. Kf7 Qxh6 47. Kg8 Qg6+ 48. Kh8 Qg5 49. b6 Nxb6 50. Kxh7 Kd6 51. Kh8 Ke7 52. Kh7 Kf7 {White did not feel at home in the position after the opening. Accuracy: White = 36%, Black = 92%.} 0-1

[Event "Stay Safe Play From Home 244"]
[Site "Emanuel Lasker Arena"]
[Date "2020.06.22"]
[Round "8"]
[White "Bardellosport"]
[Black "SoulofWolf"]
[Result "1-0"]
[WhiteElo "2054"]
[BlackElo "2184"]
[Annotator "TA"]
[PlyCount "103"]
[EventDate "2020.06.22"]
[EventType "swiss (blitz)"]

{[%evp 9,103,11,20,-36,-19,-93,-88,-76,-93,-116,0,-50,46,46,42,0,0,-77,-80,-185,-14,-11,-12,-14,71,-51,46,48,531,539,804,504,775,740,699,573,692,628,599,511,564,500,567,566,552,497,509,444,571,559,631,630,654,510,508,494,658,655,5685,718,835,682,996,774,1024,886,889,877,1089,1073,1984,1251,2354,1118,5506,1039,29985,5831,29993,29991,29994,29983,29994,29986,29986,29987,29987,29986,29986,29986,29992,29993,29993,29994,29995,29995]} 1. Nc3 Nc6 2. e4 e6 3. f4 d5 4. e5 d4 5. Ne4 {[#]} f5 $146 ({Predecessor:} 5... b6 6. Bb5 Bb7 7. d3 Qd7 8. Nf3 O-O-O 9. c3 dxc3 10. Qa4 cxb2 11. Bxb2 Bb4+ {0-1 (32) Carvalho,A-Rocha,S (2355) Portugal 1994}) 6. exf6 {B00: Queen's Fianchetto Defence, Nimzowitsch Defence.} (6. Nf2 $11) 6... Nxf6 $15 7. d3 (7. Bd3 $1 $11 {remains equal.}) 7... Bb4+ $17 8. Bd2 {Black is better.} O-O 9. Nf3 {[#]} Be7 (9... Bxd2+ $1 $17 10. Qxd2 Nd5) 10. g3 Nd5 (10... e5 $1 $15 11. Nxe5 Nxe5 12. fxe5 Nxe4 13. dxe4 Be6) 11. Bg2 $14 e5 $1 {[%cal Re5f4]} 12. fxe5 Bg4 13. O-O (13. h3 $1 $11 {keeps the balance.} Bxf3 14. Bxf3) 13... Nxe5 $1 $17 {[%mdl 64] Pin} 14. Bf4 (14. Qe2 $17 {was worth a try.}) 14... Ne3 $2 (14... Nxf4 $19 15. gxf4 Rxf4) 15. Bxe3 $1 $11 dxe3 16. Qe2 b6 (16... c6 $11) 17. h3 (17. Qxe3 $16 Nxf3+ 18. Bxf3 Rxf3 19. Rxf3) 17... Bh5 ({Black should try} 17... Nxf3+ $15 18. Bxf3 Bxh3) 18. g4 $36 {[%mdl 2048] White has the initiative.} Bg6 $2 {[%mdl 8192] Black cannot hold the game after this.} ({Black should play} 18... Nxf3+ $14 19. Rxf3 Rxf3) 19. Nxe5 $18 Be8 20. Rae1 Rc8 (20... Qd4 $142 21. Rxf8+ Bxf8) 21. Rxf8+ Bxf8 22. Rf1 Bg6 23. Nxg6 hxg6 24. Ng3 Qd6 25. Qf3 Qd7 26. Ne4 Re8 27. Ng5 Bc5 {Threatening ...e2+.} 28. Kh2 Bd6+ 29. Kh1 Bc5 30. Re1 Qe7 31. Ne4 Rf8 32. Qg3 Bd6 33. Nxd6 cxd6 34. Rxe3 Qf7 35. Rf3 Qe8 36. Kh2 Rf7 37. Rxf7 Qxf7 38. Qxd6 {White wants to mate with Bd5!} Kh7 39. Qg3 Qf6 40. h4 Qe7 41. g5 Qb4 42. b3 Qa3 {[#]} 43. Be4 $1 {Intending h5 and mate.} Qxa2 44. h5 {White mates.} Kg8 45. Bxg6 {[%cal Rg3b8]} Qa3 46. Qb8+ Qf8 47. Qxf8+ Kxf8 48. Kg3 b5 49. h6 a5 50. h7 Ke7 51. h8=Q Kd6 52. Qxg7 {Accuracy: White = 41%, Black = 27%.} 1-0

[Event "Stay Safe Play From Home 244"]
[Site "Emanuel Lasker Arena"]
[Date "2020.06.22"]
[Round "8"]
[White "Haxhi Baha"]
[Black "Lamborghini"]
[Result "0-1"]
[WhiteElo "1985"]
[BlackElo "2191"]
[Annotator "TA"]
[PlyCount "90"]
[EventDate "2020.06.22"]
[EventType "swiss (blitz)"]

{[%evp 14,90,13,10,6,-30,60,50,66,59,75,75,106,-40,-48,-53,30,34,47,29,27,-7,0,0,72,-25,-15,-32,-21,-526,-243,-1147,-364,-362,-220,-224,-219,-203,-180,-182,-186,-227,-225,-360,-356,-332,-322,-327,-268,-265,-265,-272,-267,-264,-256,-260,-191,-191,-192,-199,-185,-186,-183,-181,-144,-172,-154,-165,0,0,0,0,2611,2147,2487,2570,12840,12839,12846]} 1. e4 c5 2. Nf3 d6 3. d4 cxd4 4. Nxd4 Nf6 5. Nc3 a6 6. f4 g6 7. Be2 Bg7 8. Be3 O-O {B93: Sicilian Najdorf: 6 f4.} 9. g4 Nc6 (9... e5 $11 10. fxe5 Nxg4 {[%mdl 64] Decoy} 11. Bxg4 Qh4+ 12. Bf2 Qxg4) 10. g5 $14 Nd7 {[#] White is slightly better.} 11. Qd2 $146 ({Predecessor:} 11. Bg4 Qb6 12. b3 Nxd4 13. Nd5 Qc5 14. Rc1 e6 15. b4 Qa7 16. Ne7+ Kh8 17. c3 {0-1 (34) Melo,M-Costa Avelino,T (1714) Natal 2011}) 11... Nxd4 12. Bxd4 e5 13. Be3 ({White has to play} 13. fxe5 $1 $16 Nxe5 14. O-O-O) 13... exf4 $15 14. Bxf4 Ne5 (14... Nc5 $15) 15. O-O-O $11 Be6 16. Qxd6 Qa5 17. Kb1 Rac8 18. Nd5 Bxd5 (18... Qa4 $11 19. Ne7+ (19. Bxe5 Bxd5 20. exd5 Rfd8 $11) 19... Kh8 20. Nxc8 Qxa2+ 21. Kc1 Nc4 22. Bxc4 Qxb2+ 23. Kd2 Qc3+ 24. Kc1 Qb2+ 25. Kd2 Qc3+ 26. Kc1 Qb2+) 19. Rxd5 ({White should play} 19. Qxd5 $16 Qb6 20. Qb3 (20. Bxe5 Rfd8 $14)) 19... Qa4 $1 $36 {[%csl LRc2,LRe4][%mdl 2048] Black has the initiative.} 20. Rd2 (20. Bxe5 $2 {leads to mate.} Qxc2+ 21. Ka1 Qc1+ $1 {[%mdl 512]} 22. Rxc1 Rxc1#) 20... Qxe4 21. Re1 $2 {[%mdl 8192]} (21. Rf1 $11) 21... Nc4 (21... Qxf4 $142 22. Red1 Qxg5) 22. Qd3 $2 (22. Bxc4 Qxe1+ 23. Rd1) 22... Nxd2+ $2 (22... Qxf4 23. Red1 Nxb2) 23. Bxd2 Qxd3 24. Bxd3 Rfe8 25. Rf1 b5 26. a3 Rcd8 27. h4 Rd4 28. h5 (28. Rh1 {is a better defense.}) 28... gxh5 $19 29. Rh1 h4 30. Be1 {[#]} Rxe1+ $1 {[%mdl 64] Deflection} 31. Rxe1 {[%mdl 4096] Endgame KRB-KRB} h3 32. Rh1 Rh4 33. Bf5 h2 34. Bc8 Be5 35. Bxa6 Rg4 36. Bb7 Rg1+ 37. Ka2 Kg7 38. Kb3 Kg6 39. Kb4 Kxg5 40. Kxb5 Rxh1 $2 (40... f5 $19 41. Kc4 Kh4) 41. Bxh1 $11 {a4 is the strong threat.} Bxb2 $19 {Threatens to win with ...f5. KB-KB} (41... Kf4 $5 42. a4 $8 f5 $11) 42. a4 {[%cal Ba3a4,Ba4a5][%mdl 32] Black must now prevent c4.} Bd4 $2 {[%mdl 8192]} (42... Bc3 $11) 43. a5 $18 {White is clearly winning.} f5 {[#]} 44. c4 $1 {[%cal Rc4c5]} Kg4 45. c5 Bxc5 {[%mdl 32768] Accuracy: White = 55%, Black = 49%. . Loss on time!?} 0-1

[Event "Stay Safe Play From Home 244"]
[Site "Emanuel Lasker Arena"]
[Date "2020.06.22"]
[Round "8"]
[White "MartinKestler"]
[Black "Tolka"]
[Result "0-1"]
[WhiteElo "1925"]
[BlackElo "2276"]
[Annotator "TA"]
[PlyCount "82"]
[EventDate "2020.06.22"]
[EventType "swiss (blitz)"]

{[%evp 9,81,10,12,5,7,5,16,12,21,24,26,11,7,14,20,7,0,-9,-15,-20,12,12,14,0,-6,-35,-32,-28,-23,-493,-487,-710,-685,-29987,-29988,-29988,-29989,-29989,-29990,-29990,-29984,-29991,-29985,-29992,-29992,-29992,-1358,-1652,-1662,-1522,-1327,-1556,-1587,-1420,-1270,-29991,-29992,-29993,-29994,-29994,-29993,-29995,-29995,-29995,-29996,-29996,-29996,-29996,-29997,-29999,-29997,-29997,-29998,-29999]} 1. Nf3 d5 2. b3 c6 3. Bb2 Bg4 4. e3 e6 5. Be2 Nf6 6. O-O {A06: Réti Opening: 1 Nf3 d5.} Nbd7 7. d4 Bd6 8. Nbd2 {The position is equal.} Ne4 9. Nxe4 dxe4 10. Ne5 Bxe2 11. Qxe2 O-O {[#]} 12. Rfd1 $146 ({Predecessor:} 12. Nc4 Bc7 13. Ba3 Re8 14. f3 Nf6 15. f4 Nd5 16. Kh1 b5 17. Nd2 b4 18. Bb2 {½-½ (41) Mamedjarova,Z (2298)-Okuyaz,D (2233) Antalya 2017}) 12... Qc7 {[%cal Rd7e5]} 13. f4 exf3 14. Nxf3 c5 15. c4 Rad8 16. Rac1 Nf6 {[%cal Bd7f6,Bf6g4,Bg4e5,Be5f3][%mdl 32]} 17. e4 cxd4 18. Bxd4 {And now e5 would win.} Bc5 {White must now prevent ...Rxd4!} 19. Qe3 $2 {[%mdl 8192] This costs White the game.} (19. e5 $11 {and White is okay.} Ng4 20. Qe4) 19... Ng4 $19 20. Qc3 {[#]} (20. Bxc5 $142 Nxe3 21. Bxe3) 20... Rxd4 $1 {[%mdl 576] Deflection} 21. Nxd4 (21. Rxd4 e5) 21... Qxh2+ 22. Kf1 Qh1+ 23. Ke2 Qxg2+ {[%mdl 64] Double Attack} 24. Kd3 Ne5+ 25. Ke3 Rd8 26. Rg1 Qf3+ 27. Kd2 Bxd4 (27... Qf2+ $142 28. Kd1 Rxd4+ 29. Qxd4 Bxd4 30. Rg3 Qxg3 31. Rb1 {[#]} Qd3+ $1 {[%mdl 576] Double Attack} 32. Kc1 Qe2 33. Rb2 Nd3+ {[%mdl 64] Double Attack} 34. Kb1 Qxb2#) 28. Rxg7+ Kxg7 29. Qxf3 Nxf3+ 30. Ke2 Ne5 31. Rf1 Ng6 32. Rxf7+ Kxf7 {Black mates.} 33. e5 Bxe5 34. c5 Kf6 35. b4 Nf4+ 36. Kf3 Kf5 37. a4 Rd3+ 38. Kf2 Bd4+ 39. Kf1 Ke4 {[%cal Rd3d1]} 40. Ke1 Kf3 41. Kf1 Rd1# {Accuracy: White = 53%, Black = 85%.} 0-1

[Event "Stay Safe Play From Home 244"]
[Site "Emanuel Lasker Arena"]
[Date "2020.06.22"]
[Round "8"]
[White "Bishop91"]
[Black "Dave_H"]
[Result "0-1"]
[WhiteElo "1771"]
[BlackElo "1761"]
[Annotator "NA"]
[PlyCount "44"]
[EventDate "2020.06.22"]
[EventType "swiss (blitz)"]
[BlackTeam "SK Vellmar"]

{- Halt, David (2088)} 1. e4 {[%emt 0:00:02]} e5 {[%emt 0:00:01]} 2. Nf3 {[%emt 0:00:01]} Nc6 {[%emt 0:00:02]} 3. d4 {[%emt 0:00:00]} exd4 {[%emt 0:00:02]} 4. Nxd4 {[%emt 0:00:00]} Nf6 {[%emt 0:00:02]} 5. Nxc6 {[%emt 0:00:01]} bxc6 {[%emt 0:00:02]} 6. e5 {[%emt 0:00:01]} Qe7 {[%emt 0:00:02]} 7. Bf4 {[%emt 0:00:04]} Nd5 {[%emt 0:00:00]} 8. Qf3 {[%emt 0:00:03]} Nb4 {[%emt 0:00:02]} 9. Na3 {[%emt 0:00:01]} Nd5 {[%emt 0:00:02]} 10. O-O-O {[%emt 0:00:02]} Qb4 {[%emt 0:00:02]} 11. c3 {[%emt 0:00:03]} Qxf4+ {[%emt 0:00:03]} 12. Qxf4 {[%emt 0:00:03]} Nxf4 {[%emt 0:00:01]} 13. g3 {[%emt 0:00:00]} Nd5 {[%emt 0:00:01]} 14. c4 {[%emt 0:00:00]} Nb4 {[%emt 0:00:02]} 15. Kb1 {[%emt 0:00:02]} d6 {[%emt 0:00:01]} 16. exd6 {[%emt 0:00:02]} Bf5+ {[%emt 0:00:02]} 17. Ka1 {[%emt 0:00:03]} Bxd6 {[%emt 0:00:02]} 18. Re1+ {[%emt 0:00:02]} Kd8 {[%emt 0:00:02]} 19. Bg2 {[%emt 0:00:02]} Re8 {[%emt 0:00:02]} 20. Rxe8+ {[%emt 0:00:02]} Kxe8 {[%emt 0:00:00]} 21. Rd1 {[%emt 0:00:01]} Kf8 {[%emt 0:00:02]} 22. b3 {[%emt 0:00:02]} Be5+ {[%emt 0:00:04] Bishop91 resigns (Lag: Av=0.40s, max=4.0s)} 0-1